| 000 | 00416pab a2200169 454500 | ||
|---|---|---|---|
| 008 | 180718b2006 xxu||||| |||| 00| 0 eng d | ||
| 100 | _aRoques, Xavier | ||
| 245 | _aParliamentary relations with the media | ||
| 260 | _c2006 | ||
| 300 | _ap.43-74. | ||
| 650 | _aMedia | ||
| 650 | _aMass media | ||
| 650 | _aParliament | ||
| 773 | _aConstitutional and Parliamentary Information | ||
| 908 | _aN | ||
| 909 | _a75917 | ||
| 999 |
_c75917 _d75917 |
||